[Event "Murmansk ChessMates 4th"]
[Site "Murmansk"]
[Date "2020.03.14"]
[Round "4.2"]
[White "Simakov, Vadim"]
[Black "Ider, Bayar"]
[Result "0-1"]
[WhiteElo "1605"]
[BlackElo "1730"]
[PlyCount "98"]
[EventDate "2020.03.13"]
[EventType "team-tourn"]
[EventRounds "5"]
[EventCountry "RUS"]
[SourceTitle "CBM 195 Extra"]
[Source "ChessBase"]
[SourceDate "2020.05.31"]
[SourceVersion "1"]
[SourceVersionDate "2020.05.31"]
[SourceQuality "1"]
[WhiteTeam "Leningrad Region"]
[BlackTeam "Ile de France Youth"]
[WhiteTeamCountry "RUS"]
[BlackTeamCountry "FRA"]

1. e4 c5 2. c3 d5 3. exd5 Qxd5 4. d4 Nf6 5. Nf3 Nc6 6. Be2 e6 7. 0-0 cxd4 8. cxd4 Be7 9. Nc3 Qd8 10. Bf4 a6 11. h3 0-0 12. Rc1 Nb4 13. a3 Nbd5 14. Nxd5 Nxd5 15. Bg3 b5 16. Bd3 Bb7 17. Qe2 Bd6 18. Qe4 g6 19. Be5 Bxe5 20. dxe5 Qe7 21. Qg4 f5 22. exf6 Nxf6 23. Qg5 Bxf3 24. gxf3 Qg7 25. Rc6 Nd5 26. Be4 Nf4 27. Kh2 Rae8 28. b4 h6 29. Qg4 g5 30. Rc5 Rc8 31. Rfc1 Rxc5 32. Rxc5 Qd4 33. Qg1 Ne2 34. Qe1 Nf4 35. Qe3 Qd6 36. Rc6 Qb8 37. Rb6 Qc7 38. Rb7 Qd6 39. Bh7+ Kh8 40. Qc3+ e5 41. Be4 Qe6 42. Rh7+ Kg8 43. Bd5 Nxd5 44. Qc2 Nf4 45. Rxh6 Qxh6 46. Qf5 Rxf5 47. h4 Qxh4+ 48. Kg1 Nh3+ 49. Kf1 Qxf2# 0-1

[Event "FRA-ch U12"]
[Site "Hyeres"]
[Date "2019.04.18"]
[Round "6"]
[White "Ider, Bayar"]
[Black "Fischler, Oscar"]
[Result "0-1"]
[WhiteElo "1609"]
[BlackElo "1758"]
[PlyCount "51"]
[EventDate "2019.04.14"]
[EventType "swiss"]
[EventRounds "9"]
[EventCountry "FRA"]
[SourceTitle "CBM 190 Extra"]
[Source "ChessBase"]
[SourceDate "2019.07.15"]
[SourceVersion "1"]
[SourceVersionDate "2019.07.15"]
[SourceQuality "1"]

1. d4 d5 2. Nf3 Nf6 3. g3 c5 4. c4 dxc4 5. Bg2 Nc6 6. dxc5 Qa5+ 7. Bd2 Qxc5 8. 0-0 g6 9. Nc3 Bg7 10. Qc1 0-0 11. Bh6 a6 12. Bxg7 Kxg7 13. Nd2 b5 14. a4 Bb7 15. axb5 axb5 16. Rxa8 Rxa8 17. Nde4 Nxe4 18. Nxe4 Qb4 19. Ng5 h6 20. Nf3 Ra2 21. Qe3 Qxb2 22. Qb6 Ba8 23. Qe3 Qxe2 24. Qc3+ e5 25. Qe1 Qxe1 26. Rxe1 0-1

[Event "Pyramides FFE GP Handicap"]
[Site "Le Port Marly"]
[Date "2016.11.13"]
[Round "7"]
[White "Guliyev, Namig"]
[Black "Ider, Bayar"]
[Result "1-0"]
[WhiteElo "2578"]
[BlackElo "1222"]
[PlyCount "82"]
[EventDate "2016.11.13"]
[EventType "swiss (blitz)"]
[EventRounds "7"]
[EventCountry "FRA"]
[SourceTitle "CBM 175 Extra"]
[Source "ChessBase"]
[SourceDate "2016.12.12"]
[SourceVersion "1"]
[SourceVersionDate "2016.12.12"]
[SourceQuality "1"]

1. e4 d5 2. exd5 Nf6 3. d4 Bg4 4. f3 Bf5 5. Bb5+ c6 6. dxc6 Nxc6 7. Ne2 a6 8. Bd3 Bg6 9. c3 e6 10. Bf4 Bd6 11. 0-0 0-0 12. Bxg6 hxg6 13. Bxd6 Qxd6 14. Nd2 Rfd8 15. Ne4 Qe7 16. Qc2 e5 17. dxe5 Qxe5 18. N2g3 Rac8 19. Qf2 Nxe4 20. Nxe4 Rd5 21. Rfe1 Qc7 22. Rad1 Rcd8 23. Rxd5 Rxd5 24. h4 Ne5 25. Ng5 Qd7 26. Qe3 f6 27. Ne4 Rd3 28. Qe2 b6 29. b3 a5 30. Qf2 Qc6 31. c4 Nf7 32. Re3 Rd1+ 33. Kh2 Qc7+ 34. Qg3 Qxg3+ 35. Kxg3 Ra1 36. Nc3 Ne5 37. Re2 Nd3 38. Nd5 Nb4 39. Nxb4 axb4 40. Re6 Rxa2 41. Rxb6 Ra4 1-0